[Event "Int. Stuttgarter Stadtmeisterschaft C"]
[Site "Ditzingen"]
[Date "2012.05.17"]
[Round "2.9"]
[White "Baumann, Sonja"]
[Black "Reuß, Tobias"]
[Result "0-1"]
[WhiteElo "1064"]
[BlackElo "1277"]
[PlyCount "44"]
[EventDate "2012.??.??"]
[WhiteTeam "SV Stuttgart-Wolfbusch 1956 e.V."]
[BlackTeam "SV Besigheim"]

1. e4 e5 2. Nf3 Nf6 3. Nc3 Bb4 4. Bc4 Bxc3 5. dxc3 d6 6. O-O O-O 7. Re1 Bg4 8.
b4 Nbd7 9. Ba3 Qe7 10. Rb1 c6 11. Bd3 d5 12. c4 dxe4 13. Bxe4 Nxe4 14. Rxe4 Nf6
15. Rxe5 Qc7 16. Bb2 Rad8 17. Qe2 Qd7 18. h3 Bxf3 19. Qxf3 Qd2 20. c3 Qc2 21.
Ree1 Rfe8 22. Rbd1 Rxe1+ 0-1

[Event "Int. Stuttgarter Stadtmeisterschaft C"]
[Site "Ditzingen"]
[Date "2012.05.17"]
[Round "2.10"]
[White "Udaykumar, Arunn Mark"]
[Black "Castiglione, David"]
[Result "1-0"]
[WhiteElo "1253"]
[BlackElo "1063"]
[PlyCount "59"]
[EventDate "2012.??.??"]
[WhiteTeam "SK Villingen"]
[BlackTeam "SC Ingersheim e.V."]

1. e4 c5 2. Nf3 d6 3. Bc4 Nf6 4. d3 g6 5. Ng5 e6 6. O-O Bg7 7. Qf3 O-O 8. Nc3
Nc6 9. Be3 Ne5 10. Qh3 Nxc4 11. dxc4 Nh5 12. f4 h6 13. Nf3 e5 14. f5 b6 15. Nh4
Nf4 16. Bxf4 g5 17. Bg3 gxh4 18. Bxh4 Bf6 19. Bxf6 Qxf6 20. Nd5 Qg5 21. Rf3 Kh8
22. Rg3 Qd2 23. Re3 Kh7 24. Rg3 f6 25. Qh4 Qd4+ 26. Kh1 Bxf5 27. Nxf6+ Rxf6 28.
Qxf6 Rg8 29. Qf7+ Rg7 30. Qxg7# 1-0

[Event "Int. Stuttgarter Stadtmeisterschaft C"]
[Site "Ditzingen"]
[Date "2012.05.17"]
[Round "2.12"]
[White "Winterkorn, Nikolaus"]
[Black "Steller, Kilian"]
[Result "1-0"]
[WhiteElo "1423"]
[BlackElo "782"]
[PlyCount "109"]
[EventDate "2012.??.??"]
[WhiteTeam "DJK Sportbund Stuttgart e.V."]
[BlackTeam "TSF Ditzingen"]

1. Nf3 Nf6 2. d4 e6 3. c4 c5 4. d5 exd5 5. cxd5 b5 6. Bg5 Bb7 7. e4 h6 8. Bxf6
Qxf6 9. e5 Qb6 10. Be2 d6 11. O-O a6 12. Nc3 dxe5 13. Nxe5 Bd6 14. Nf3 Nd7 15.
Qd2 Nf6 16. Rfe1 O-O 17. h3 b4 18. Na4 Qa5 19. b3 Bxd5 20. Bd3 Rad8 21. Qc2 Bc6
22. Nd2 Bd5 23. Nb2 Rfe8 24. Rxe8+ Rxe8 25. Ndc4 Bxc4 26. Nxc4 Qc7 27. Rd1 Be5
28. Nxe5 Qxe5 29. Bxa6 Qe6 30. Bb5 Rc8 31. Bc4 Qe4 32. Qd2 Kf8 33. Re1 Qa8 34.
Qd6+ Kg8 35. Re7 Rf8 36. Qxc5 Qxa2 37. Qxb4 Qb1+ 38. Kh2 Qc2 39. Re2 Qf5 40.
Qb7 g5 41. Qb5 Qf4+ 42. g3 Qf3 43. Qc5 Re8 44. Rxe8+ Nxe8 45. Qe3 Qxe3 46. fxe3
Nd6 47. Kg2 Nxc4 48. bxc4 Kf8 49. Kf3 Ke7 50. Ke4 Ke6 51. g4 f6 52. c5 Kd7 53.
Kf5 Kc6 54. Kxf6 Kxc5 55. e4 1-0

[Event "Int. Stuttgarter Stadtmeisterschaft C"]
[Site "Ditzingen"]
[Date "2012.05.17"]
[Round "2.13"]
[White "Su, Kai"]
[Black "Rümmele, Tobias"]
[Result "1-0"]
[WhiteElo "1375"]
[BlackElo "1418"]
[PlyCount "45"]
[EventDate "2012.??.??"]
[WhiteTeam "Spvgg Böblingen"]
[BlackTeam "SV Besigheim"]

1. e4 e6 2. d4 d5 3. exd5 Qxd5 4. Nc3 Qa5 5. Nf3 Nf6 6. Bd2 c6 7. Bd3 Nbd7 8.
O-O Bd6 9. a3 h5 10. Nb5 Bxh2+ 11. Nxh2 Qb6 12. Nd6+ Kf8 13. Bb4 Kg8 14. Nf3 h4
15. Ng5 c5 16. dxc5 Nxc5 17. Ndxf7 h3 18. Nxh8 hxg2 19. Kxg2 e5 20. Bxc5 Qxc5
21. Bc4+ Be6 22. Bxe6+ Kxh8 23. Rh1+ 1-0

[Event "Int. Stuttgarter Stadtmeisterschaft C"]
[Site "Ditzingen"]
[Date "2012.05.17"]
[Round "2.14"]
[White "Kreuzhage, Laura"]
[Black "Dallinger, Frank"]
[Result "1-0"]
[WhiteElo "1013"]
[BlackElo "1025"]
[PlyCount "160"]
[EventDate "2012.??.??"]
[WhiteTeam "SK Schmiden/Cannstatt"]
[BlackTeam "SV Stuttgart-Wolfbusch 1956 e.V."]

1. d4 Nf6 2. c4 d5 3. Nc3 e6 4. Nf3 Nc6 5. Bg5 Be7 6. e3 O-O 7. Bd3 Nb4 8. a3
Nxd3+ 9. Qxd3 b6 10. O-O Ba6 11. b3 Rb8 12. Rfe1 c6 13. a4 Bb4 14. Bf4 Ne4 15.
Rec1 Rc8 16. Nxe4 dxe4 17. Qxe4 Qe7 18. Ng5 f5 19. Qf3 Bd2 20. Rc2 Bb4 21. Qh3
h6 22. Nf3 b5 23. Qg3 Rf6 24. Be5 Rf7 25. Nh4 Qg5 26. Ng6 Qxg3 27. hxg3 bxc4
28. bxc4 c5 29. Bd6 Kh7 30. Ne5 Rb7 31. Nd3 Rc6 32. dxc5 Ba5 33. Ne5 Rc8 34. c6
Rb6 35. Bc5 Rb3 36. Bxa7 Bc7 37. Bd4 Bxe5 38. Bxe5 Rxc6 39. Rd2 Rxc4 40. Rd7
Rg4 41. f3 Rg6 42. Ra7 Rxe3 43. Bf4 Re2 44. Rxa6 h5 45. Rb1 h4 46. Rb8 e5 47.
Rxg6 Kxg6 48. Bc1 Re1+ 49. Kf2 Rxc1 50. gxh4 f4 51. Rb6+ Kh5 52. Re6 Rc2+ 53.
Kf1 Rc5 54. Ke2 Kxh4 55. Rg6 Rc7 56. Rg4+ Kh5 57. g3 Rc2+ 58. Kf1 Rc3 59. Kg2
e4 60. Rxf4 e3 61. Rf5+ Kg6 62. Re5 Rc2+ 63. Kh3 e2 64. f4 Kf6 65. a5 g5 66. a6
Ra2 67. a7 gxf4 68. gxf4 Ra3+ 69. Kg4 Rxa7 70. Rxe2 Rg7+ 71. Kf3 Kf5 72. Re5+
Kf6 73. Ke4 Re7 74. Rxe7 Kxe7 75. Ke5 Kf7 76. Kf5 Ke7 77. Kg6 Kf8 78. Kf6 Kg8
79. Ke7 Kg7 80. f5 Kg8 1-0

[Event "Int. Stuttgarter Stadtmeisterschaft C"]
[Site "Ditzingen"]
[Date "2012.05.17"]
[Round "2.15"]
[White "Erben, Katrin"]
[Black "Hauger, Albrecht"]
[Result "1/2-1/2"]
[WhiteElo "1234"]
[BlackElo "993"]
[PlyCount "42"]
[EventDate "2012.??.??"]
[WhiteTeam "SV Stuttgart-Wolfbusch 1956 e.V."]
[BlackTeam "SC Schachmatt Botnang"]

1. e4 c5 2. Nf3 d6 3. Bc4 e6 4. Nc3 Nf6 5. d3 Nc6 6. O-O Be7 7. Bg5 a6 8. a3 h6
9. Bxf6 Bxf6 10. Re1 O-O 11. Rb1 Rb8 12. Ne2 b5 13. Ba2 a5 14. c3 b4 15. axb4
axb4 16. d4 cxd4 17. cxd4 Qa5 18. Ra1 Qb5 19. Bb3 Bd7 20. Ba4 Qb6 21. Rc1 Rfd8
1/2-1/2

[Event "Int. Stuttgarter Stadtmeisterschaft C"]
[Site "Ditzingen"]
[Date "2012.05.17"]
[Round "2.16"]
[White "Lemke, Maximilian"]
[Black "Giebler, Kai"]
[Result "0-1"]
[WhiteElo "835"]
[BlackElo "1138"]
[PlyCount "40"]
[EventDate "2012.??.??"]
[WhiteTeam "VfL Sindelfingen"]
[BlackTeam "TSF Ditzingen"]

1. e4 e5 2. Nf3 Nc6 3. Nc3 Nf6 4. d4 exd4 5. Nxd4 Bc5 6. Bb5 Nxd4 7. Be3 Nxb5
8. Bxc5 Nxc3 9. bxc3 b6 10. Ba3 Ba6 11. e5 Ne4 12. e6 dxe6 13. Qxd8+ Rxd8 14.
Rd1 Rxd1+ 15. Kxd1 Nxc3+ 16. Kc1 c5 17. Bb2 Ne2+ 18. Kd1 O-O 19. Re1 Rd8+ 20.
Bd4 Rxd4# 0-1

[Event "Int. Stuttgarter Stadtmeisterschaft C"]
[Site "Ditzingen"]
[Date "2012.05.17"]
[Round "2.17"]
[White "Spasovski, Marko"]
[Black "Langen, Oliver"]
[Result "0-1"]
[WhiteElo "767"]
[BlackElo "1060"]
[PlyCount "30"]
[EventDate "2012.??.??"]
[WhiteTeam "VfL Sindelfingen"]
[BlackTeam "DJK Stuttgart-Süd"]

1. e4 e5 2. Nf3 Nc6 3. d4 exd4 4. Nxd4 Bc5 5. Nxc6 Qf6 6. f3 Qxc6 7. Nc3 Ne7 8.
Bb5 Qb6 9. Qe2 a6 10. Bc4 O-O 11. Na4 Qb4+ 12. Nc3 Bd4 13. Qd2 Qxc4 14. b3 Qxc3
15. Qxc3 Bxc3+ 0-1

[Event "Int. Stuttgarter Stadtmeisterschaft C"]
[Site "Ditzingen"]
[Date "2012.05.17"]
[Round "2.18"]
[White "Spasovski, Dusan"]
[Black "Visvikis, Kassandra"]
[Result "1-0"]
[WhiteElo "1038"]
[BlackElo "763"]
[PlyCount "87"]
[EventDate "2012.??.??"]
[WhiteTeam "VfL Sindelfingen"]
[BlackTeam "SK Villingen"]

1. e4 e5 2. Nf3 Nc6 3. Bb5 Nf6 4. Nc3 Bc5 5. d3 d6 6. Be3 Bxe3 7. fxe3 Bd7 8.
d4 exd4 9. exd4 O-O 10. O-O a6 11. Bc4 b5 12. Bd5 b4 13. e5 bxc3 14. exf6 Qxf6
15. Nd2 Qxd4+ 16. Rf2 Qxd5 17. bxc3 Ne5 18. Qh5 Bg4 19. Qg5 Rae8 20. Raf1 f6
21. Qf4 Ng6 22. Qxg4 f5 23. Qg5 Qxa2 24. Rxf5 Rxf5 25. Qxf5 Rf8 26. Qd3 Rxf1+
27. Nxf1 Ne5 28. Qf5 Qf7 29. Qc8+ Qf8 30. Qxc7 Ng6 31. Qc4+ Qf7 32. Qxa6 Qc7
33. c4 Ne5 34. Ne3 Qc5 35. Qa8+ Kf7 36. Qe4 Qb6 37. Kf1 Qb1+ 38. Ke2 g6 39.
Qd5+ Kg7 40. Qxd6 Nf7 41. Qd4+ Kh6 42. Qf4+ g5 43. Qxf7 Qg1 44. Ng4# 1-0

[Event "Int. Stuttgarter Stadtmeisterschaft C"]
[Site "Ditzingen"]
[Date "2012.05.17"]
[Round "2.20"]
[White "Günther, Niclas"]
[Black "Kiroglu, Cihan"]
[Result "1-0"]
[WhiteElo "762"]
[BlackElo "969"]
[PlyCount "35"]
[EventDate "2012.??.??"]
[WhiteTeam "SF Freiberg"]
[BlackTeam "SG Schramberg-Lauterbach"]

1. e4 Nc6 2. Nc3 e5 3. d3 Bc5 4. Nf3 Nf6 5. Bg5 O-O 6. Bxf6 Qxf6 7. Na4 Bb4+ 8.
c3 Be7 9. d4 d6 10. Bc4 a6 11. g4 b5 12. g5 Qf4 13. Bb3 Qxe4+ 14. Qe2 Qxe2+ 15.
Kxe2 bxa4 16. Bxa4 Nd8 17. dxe5 Bd7 18. Bxd7 1-0

[Event "Int. Stuttgarter Stadtmeisterschaft C"]
[Site "Ditzingen"]
[Date "2012.05.18"]
[Round "3.1"]
[White "Visvikis, Christos"]
[Black "Jelisavac, Nenad"]
[Result "1-0"]
[WhiteElo "1320"]
[BlackElo "1496"]
[PlyCount "71"]
[EventDate "2012.??.??"]
[WhiteTeam "SK Villingen"]
[BlackTeam "SK Sieker Bielefeld"]

1. e4 c5 2. Nf3 d6 3. d4 cxd4 4. Nxd4 Nf6 5. Nc3 a6 6. Nf3 Bg4 7. Bc4 e6 8. Bf4
Nc6 9. h3 Bxf3 10. Qxf3 Be7 11. O-O-O e5 12. Be3 Qc7 13. Nd5 Nxd5 14. Bxd5 O-O
15. h4 Nb4 16. Bb3 Rac8 17. c3 a5 18. Kb1 Na6 19. h5 Qd8 20. h6 g6 21. g4 Rc6
22. Bd5 Rc5 23. Bxc5 Nxc5 24. Bc4 Qc7 25. Qe3 Rc8 26. Qf3 Bf8 27. Bd5 Qd7 28.
Qf6 Rc7 29. f3 Qb5 30. Rd2 Nd3 31. c4 Qb4 32. Rxd3 b5 33. Rb3 Qd2 34. Rxb5 a4
35. Rb8 a3 36. Qg7# 1-0

[Event "Int. Stuttgarter Stadtmeisterschaft C"]
[Site "Ditzingen"]
[Date "2012.05.18"]
[Round "3.2"]
[White "Dietermann, Frank"]
[Black "Griesche, Veit"]
[Result "1-0"]
[WhiteElo "1432"]
[BlackElo "1291"]
[PlyCount "39"]
[EventDate "2012.??.??"]
[WhiteTeam "SC Grunbach"]
[BlackTeam "SF Oeffingen e.V."]

1. b4 e5 2. Bb2 d6 3. e3 Nf6 4. c4 Be7 5. Nc3 O-O 6. Qc2 c6 7. Nf3 h6 8. Be2
Be6 9. d4 Nbd7 10. O-O Qc7 11. e4 exd4 12. Nxd4 Rad8 13. Nxe6 fxe6 14. a3 a6
15. Nd1 e5 16. Ne3 b6 17. Nf5 Rde8 18. Qd3 d5 19. Qg3 Kh8 20. Qxg7# 1-0

[Event "Int. Stuttgarter Stadtmeisterschaft C"]
[Site "Ditzingen"]
[Date "2012.05.18"]
[Round "3.3"]
[White "Schröder, Oliver"]
[Black "Reuß, Tobias"]
[Result "1-0"]
[WhiteElo "1370"]
[BlackElo "1277"]
[PlyCount "45"]
[EventDate "2012.??.??"]
[WhiteTeam "SV Lahn Limburg"]
[BlackTeam "SV Besigheim"]

1. e4 e5 2. Nf3 Nf6 3. Nc3 Bb4 4. d3 Bxc3+ 5. bxc3 d6 6. Bg5 Nbd7 7. Be2 b6 8.
d4 exd4 9. cxd4 Qe7 10. Bd3 Bb7 11. O-O O-O 12. Re1 Qe6 13. e5 Bxf3 14. Qxf3
dxe5 15. dxe5 Nxe5 16. Qg3 Nfd7 17. f4 Qd6 18. fxe5 Qd4+ 19. Kf1 Rfe8 20. Rad1
Qb2 21. Be4 Rac8 22. Rxd7 Qb5+ 23. Qd3 1-0

[Event "Int. Stuttgarter Stadtmeisterschaft C"]
[Site "Ditzingen"]
[Date "2012.05.18"]
[Round "3.4"]
[White "Sax, Leon"]
[Black "Thomas, Leonhard"]
[Result "1-0"]
[WhiteElo "1251"]
[BlackElo "1358"]
[PlyCount "115"]
[EventDate "2012.??.??"]
[WhiteTeam "SC Gross-Sachsenheim"]
[BlackTeam "SV Fellbach"]

1. e4 e5 2. Bc4 Nc6 3. Nf3 Bc5 4. d3 h6 5. Nc3 d6 6. h3 Nf6 7. Nh2 Bb4 8. Bd2
Bxc3 9. Bxc3 Qe7 10. Qf3 Be6 11. Bb5 Bd7 12. Qg3 Nh5 13. Qf3 Nf4 14. Bxc6 Bxc6
15. Bd2 Ng6 16. Ng4 Bd7 17. Ne3 Be6 18. Nf5 Qf6 19. g4 O-O-O 20. Qe3 Kb8 21. a3
Nf4 22. O-O-O g6 23. Ng3 g5 24. Qf3 Rdg8 25. Bxf4 Qxf4+ 26. Qxf4 exf4 27. Nh5
Rg6 28. f3 f6 29. h4 Rf8 30. Rd2 Bd7 31. Rdh2 Be8 32. hxg5 fxg5 33. Kd2 b6 34.
c3 Kc8 35. b4 Rfg8 36. Ra1 Kb7 37. a4 Bc6 38. a5 b5 39. Rc1 a6 40. c4 Re8 41.
cxb5 Bxb5 42. Rc3 c6 43. Re2 Re7 44. Re1 Rge6 45. Rcc1 d5 46. exd5 cxd5 47.
Rxe6 Rxe6 48. d4 Re2+ 49. Kd1 Re3 50. Nf6 Rd3+ 51. Kc2 Rxd4 52. Re1 Bc4 53. Re6
Rd3 54. Nd7 Rxf3 55. Nc5+ Kc7 56. Re7+ Kc6 57. Re6+ Kb5 58. Rb6# 1-0

[Event "Int. Stuttgarter Stadtmeisterschaft C"]
[Site "Ditzingen"]
[Date "2012.05.18"]
[Round "3.5"]
[White "Schröder, Janina"]
[Black "Udaykumar, Arunn Mark"]
[Result "0-1"]
[WhiteElo "1353"]
[BlackElo "1253"]
[PlyCount "76"]
[EventDate "2012.??.??"]
[WhiteTeam "SV Lahn Limburg"]
[BlackTeam "SK Villingen"]

1. e4 c5 2. Nf3 Nc6 3. Bb5 Nf6 4. d3 Qa5+ 5. Nc3 Nd4 6. Bc4 b5 7. Bd5 Nxd5 8.
exd5 b4 9. Ne2 Nxf3+ 10. gxf3 e6 11. dxe6 dxe6 12. Bf4 Bb7 13. Ng3 g6 14. Be5
Rg8 15. Ne4 Bxe4 16. fxe4 c4 17. f4 Rd8 18. Qe2 b3+ 19. Bc3 Bb4 20. Qd2 Bxc3
21. bxc3 b2 22. Rb1 Qxa2 23. Ke2 cxd3+ 24. cxd3 Rb8 25. h4 f5 26. Qc2 a5 27.
Rhg1 a4 28. exf5 exf5 29. Kf3 Qb3 30. Qe2+ Kf7 31. Qe5 Rge8 32. Qd4 a3 33. c4
Red8 34. Qa7+ Rb7 35. Qa5 Rxd3+ 36. Ke2 Re7+ 37. Kf2 Qc2+ 38. Kf1 Rf3# 0-1

[Event "Int. Stuttgarter Stadtmeisterschaft C"]
[Site "Ditzingen"]
[Date "2012.05.18"]
[Round "3.6"]
[White "Stecher, Oliver"]
[Black "Su, Kai"]
[Result "0-1"]
[WhiteElo "1126"]
[BlackElo "1375"]
[PlyCount "64"]
[EventDate "2012.??.??"]
[WhiteTeam "SSV Zuffenhausen"]
[BlackTeam "Spvgg Böblingen"]

1. e4 c5 2. Bc4 e6 3. Nc3 Nc6 4. d3 Nf6 5. Qf3 Nd4 6. Qd1 Be7 7. Nge2 a6 8.
Nxd4 cxd4 9. Ne2 e5 10. c3 Bc5 11. cxd4 exd4 12. Bd2 Ng4 13. Nf4 d6 14. O-O Qh4
15. h3 Ne3 16. Bxf7+ Kxf7 17. fxe3 Ke8 18. Nd5 Qg5 19. Rf3 Be6 20. exd4 Bxd4+
21. Kh2 Be5+ 22. Bf4 Bxd5 23. exd5 Bxf4+ 24. g3 Be5 25. Qa4+ Ke7 26. Qc4 Qd2+
27. Kg1 Rhf8 28. Qh4+ Kd7 29. Rxf8 Rxf8 30. Qg4+ Kc7 31. Qc4+ Kb8 32. Rf1 Qe3+
0-1

[Event "Int. Stuttgarter Stadtmeisterschaft C"]
[Site "Ditzingen"]
[Date "2012.05.18"]
[Round "3.8"]
[White "Reichmann, Bernd"]
[Black "Spasovski, Dusan"]
[Result "1-0"]
[WhiteElo "1191"]
[BlackElo "1038"]
[PlyCount "85"]
[EventDate "2012.??.??"]
[WhiteTeam "SV Fellbach"]
[BlackTeam "VfL Sindelfingen"]

1. e4 e6 2. d4 d5 3. Nc3 Nf6 4. e5 Nfd7 5. Nf3 c5 6. Bb5 Nc6 7. Bxc6 bxc6 8.
O-O cxd4 9. Qxd4 c5 10. Qd1 Qc7 11. Re1 Be7 12. Bf4 O-O 13. Qc1 d4 14. Nb5 Qc6
15. Nd6 Nb6 16. Nxc8 Rfxc8 17. b3 Nd5 18. a4 Nb4 19. Bd2 Nd5 20. Bg5 Bf8 21. h4
d3 22. cxd3 h6 23. Be3 Nb4 24. Qc4 Rd8 25. d4 Rd5 26. Red1 Rad8 27. Rd2 Be7 28.
Rad1 Na6 29. Kh2 Qc7 30. Qxa6 cxd4 31. Rxd4 Rxd4 32. Rxd4 Rb8 33. Rc4 Qd8 34.
g3 Rxb3 35. Qxa7 Qd1 36. Nd4 Rb1 37. Qa8+ Kh7 38. Qf3 Qf1 39. Rc2 Qg1+ 40. Kh3
g5 41. Qxf7+ Kh8 42. Rc8+ Bd8 43. Rxd8# 1-0

[Event "Int. Stuttgarter Stadtmeisterschaft C"]
[Site "Ditzingen"]
[Date "2012.05.18"]
[Round "3.9"]
[White "Hauger, Albrecht"]
[Black "Sandmeyer, Alexander"]
[Result "0-1"]
[WhiteElo "993"]
[BlackElo "1182"]
[PlyCount "110"]
[EventDate "2012.??.??"]
[WhiteTeam "SC Schachmatt Botnang"]
[BlackTeam "Stuttgarter SF 1879"]

1. d4 d5 2. c4 c6 3. Nf3 Nf6 4. Nc3 g6 5. Bf4 dxc4 6. e4 b5 7. a3 Bg7 8. h3 O-O
9. Be2 Bb7 10. b4 cxb3 11. Rb1 Nbd7 12. Rxb3 a6 13. O-O Rc8 14. Qd2 Ba8 15.
Rfb1 Re8 16. a4 Nh5 17. Bh2 e5 18. d5 Nc5 19. R3b2 Nf4 20. Bxf4 exf4 21. Rc2
Nxe4 22. Nxe4 Rxe4 23. dxc6 Qxd2 24. Rxd2 Bxc6 25. axb5 Bxb5 26. Bxb5 axb5 27.
Rxb5 Bh6 28. Rbd5 Rec4 29. h4 Rc1+ 30. Rd1 Rxd1+ 31. Rxd1 Rc2 32. Rd4 Rc1+ 33.
Kh2 Rf1 34. Rd2 Kg7 35. Re2 f6 36. Nd2 Rd1 37. Nf3 g5 38. Re7+ Kg8 39. Re8+ Kf7
40. Re2 g4 41. Ng1 Bf8 42. g3 fxg3+ 43. fxg3 h5 44. Kg2 Bc5 45. Nh3 gxh3+ 46.
Kxh3 Rd3 47. Rg2 Bd6 48. Rg1 Kg6 49. Rg2 f5 50. Kh2 Kf6 51. Rg1 Ke5 52. Re1+
Kd4 53. Rg1 Ke3 54. Rf1 f4 55. Re1+ Kf2 0-1

[Event "Int. Stuttgarter Stadtmeisterschaft C"]
[Site "Ditzingen"]
[Date "2012.05.18"]
[Round "3.10"]
[White "Stegmiller, Dennis"]
[Black "Zacke, Tamara"]
[Result "1-0"]
[WhiteElo "1180"]
[BlackElo "982"]
[PlyCount "51"]
[EventDate "2012.??.??"]
[WhiteTeam "TSF Ditzingen"]
[BlackTeam "SV Stuttgart-Wolfbusch 1956 e.V."]

1. c4 e5 2. Nc3 Nc6 3. Nf3 Bc5 4. e3 Qf6 5. Be2 Nge7 6. Ne4 Qg6 7. Nxc5 Qxg2 8.
Rg1 Qh3 9. Rg3 Qh6 10. d4 Nf5 11. Rg1 Qd6 12. Ne4 Qb4+ 13. Qd2 Qxd2+ 14. Bxd2
exd4 15. exd4 Ncxd4 16. Nxd4 Nxd4 17. Rc1 Nxe2 18. Kxe2 O-O 19. Bh6 Re8 20.
Rxg7+ Kh8 21. Kd3 d5 22. Nf6 Bf5+ 23. Kd2 Re6 24. Rxf7 Rxf6 25. Rxf6 Bg6 26.
cxd5 1-0

[Event "Int. Stuttgarter Stadtmeisterschaft C"]
[Site "Ditzingen"]
[Date "2012.05.18"]
[Round "3.11"]
[White "Mackeprang, Jelena"]
[Black "Günay, Nuri"]
[Result "0-1"]
[WhiteElo "949"]
[BlackElo "1178"]
[PlyCount "54"]
[EventDate "2012.??.??"]
[WhiteTeam "SK Schmiden/Cannstatt"]
[BlackTeam "SC Gross-Sachsenheim"]

1. e4 e6 2. d4 d5 3. exd5 exd5 4. Nc3 Bb4 5. Bd2 Nf6 6. Qe2+ Be6 7. Qb5+ Nc6 8.
O-O-O Rb8 9. g3 a6 10. Qe2 O-O 11. Nf3 Re8 12. Bg2 Bg4 13. Qd3 Ne4 14. Qf1 Nxc3
15. Bxc3 Bxc3 16. bxc3 Qf6 17. Rd3 b5 18. h3 Bf5 19. Re3 Rxe3 20. fxe3 b4 21.
Qe1 a5 22. g4 Be4 23. Ne5 Bxg2 24. Nd7 Qd8 25. Nxb8 Qxb8 26. Rh2 Be4 27. h4
bxc3 0-1

[Event "Int. Stuttgarter Stadtmeisterschaft C"]
[Site "Ditzingen"]
[Date "2012.05.18"]
[Round "3.12"]
[White "Giebler, Kai"]
[Black "Zeller, Fabian"]
[Result "1-0"]
[WhiteElo "1138"]
[BlackElo "905"]
[PlyCount "117"]
[EventDate "2012.??.??"]
[WhiteTeam "TSF Ditzingen"]
[BlackTeam "TV Zazenhausen"]

1. e4 e5 2. Nf3 Nc6 3. Nc3 Nf6 4. d4 exd4 5. Nxd4 Ne5 6. Bg5 d6 7. Be2 Be7 8.
f4 Nc6 9. Nxc6 bxc6 10. O-O O-O 11. Qe1 h6 12. Bh4 Nxe4 13. Nxe4 Bxh4 14. Ng3
Re8 15. Rf3 Bg4 16. Rf2 Qd7 17. Qd2 Re7 18. Re1 Rae8 19. Qd3 Bf5 20. Nxf5 Bxf2+
21. Kxf2 Re4 22. Ng3 Rxf4+ 23. Kg1 Rf6 24. Qc3 Rfe6 25. Nh5 f6 26. Kf1 Qe7 27.
Qd2 Kf7 28. Nf4 Re5 29. Bh5+ Kg8 30. Bxe8 Qxe8 31. Rxe5 Qxe5 32. Nd3 Qxh2 33.
Nb4 Qh1+ 34. Kf2 Qh4+ 35. Kf3 Qh5+ 36. Ke3 Qe5+ 37. Kd3 Qxb2 38. c3 Qxd2+ 39.
Kxd2 c5 40. Nd5 Kf7 41. Nxc7 g5 42. Nb5 Ke6 43. Nxa7 h5 44. Nb5 Ke5 45. Ke3 f5
46. a4 f4+ 47. Kf2 Kd5 48. a5 Kc6 49. a6 Kb6 50. a7 Kb7 51. a8=Q+ Kxa8 52. Nxd6
Ka7 53. Ne4 Kb6 54. Nxg5 Kb5 55. Ke2 Kc4 56. Kd2 Kb3 57. Ne6 Kc4 58. Nxf4 h4
59. Ng6 1-0

[Event "Int. Stuttgarter Stadtmeisterschaft C"]
[Site "Ditzingen"]
[Date "2012.05.18"]
[Round "3.13"]
[White "Naizghi, Agazit-Aida"]
[Black "Weber, Baldur"]
[Result "0-1"]
[WhiteElo "890"]
[BlackElo "1135"]
[PlyCount "78"]
[EventDate "2012.??.??"]
[WhiteTeam "SV Stuttgart-Wolfbusch 1956 e.V."]
[BlackTeam "SC Neckarsulm e.V."]

1. e4 c5 2. Bc4 Nc6 3. Nf3 e6 4. Nc3 Na5 5. d3 Nf6 6. e5 Nxc4 7. dxc4 Ng4 8.
Ng5 Nxe5 9. b3 Be7 10. f4 Ng6 11. O-O f6 12. Nge4 a6 13. Be3 Qc7 14. Ne2 Qc6
15. N4c3 b6 16. Qe1 Bb7 17. Rf3 f5 18. Bf2 O-O 19. Rb1 Rae8 20. a4 e5 21. Nd5
Bd6 22. Qd2 exf4 23. Nexf4 Nxf4 24. Bg3 Ne2+ 25. Kf2 Bxg3+ 26. hxg3 Nd4 27. Rf4
g5 28. Rxd4 cxd4 29. Qxg5+ Kf7 30. Rh1 Qg6 31. Qf4 Bxd5 32. cxd5 Re4 33. Qd2
Rfe8 34. Re1 Rxe1 35. Qxe1 Rxe1 36. Kxe1 Qxg3+ 37. Kd1 Qxg2 38. Kc1 d3 39. cxd3
Kf6 0-1

[Event "Int. Stuttgarter Stadtmeisterschaft C"]
[Site "Ditzingen"]
[Date "2012.05.18"]
[Round "3.14"]
[White "Fey, Karl-Heinz"]
[Black "Dahm, Simon"]
[Result "0-1"]
[WhiteElo "884"]
[BlackElo "1089"]
[PlyCount "78"]
[EventDate "2012.??.??"]
[WhiteTeam "SC 1926 Haßloch"]
[BlackTeam "Spvgg Böblingen"]

1. Nf3 Nf6 2. c4 c5 3. Nc3 d6 4. d3 g6 5. e4 Bg7 6. Be2 O-O 7. h3 Qa5 8. O-O a6
9. Bd2 b5 10. Nd5 Qd8 11. b3 Nxd5 12. cxd5 Bxa1 13. Qxa1 e5 14. Bh6 Re8 15. Ng5
f6 16. Nf3 Nd7 17. Nh2 b4 18. a4 bxa3 19. Qxa3 Rb8 20. Kh1 Rb4 21. Bd2 Rb5 22.
f4 Rf8 23. d4 Rb8 24. dxc5 Nxc5 25. b4 Nxe4 26. Qe3 Nxd2 27. Qxd2 Qb6 28. Rb1
a5 29. Ng4 axb4 30. Nh6+ Kg7 31. fxe5 fxe5 32. Rxb4 Qxb4 33. Qg5 Rb7 34. Ba6
Rc7 35. Bxc8 Rf1+ 36. Kh2 Qf4+ 37. Qxf4 Rxf4 38. Bf5 gxf5 39. Nxf5+ Rxf5 0-1

[Event "Int. Stuttgarter Stadtmeisterschaft C"]
[Site "Ditzingen"]
[Date "2012.05.18"]
[Round "3.15"]
[White "Klein, Werner"]
[Black "Reichardt, Julius"]
[Result "1-0"]
[WhiteElo "1070"]
[BlackElo "885"]
[PlyCount "63"]
[EventDate "2012.??.??"]
[WhiteTeam "SV Stuttgart-Wolfbusch 1956 e.V."]
[BlackTeam "SF Markgräflerland e."]

1. e4 e6 2. d4 d5 3. Nc3 c5 4. exd5 exd5 5. Bb5+ Bd7 6. Qe2+ Be7 7. dxc5 Bxb5
8. Qxb5+ Qd7 9. Qxd7+ Nxd7 10. Nxd5 Nxc5 11. Nc7+ Kd7 12. Nxa8 Nf6 13. Nb6+
axb6 14. Be3 Rc8 15. Nf3 Rc6 16. Ne5+ Ke6 17. Nxc6 bxc6 18. O-O Nfd7 19. Rfe1
f6 20. Bxc5+ Kf7 21. Rxe7+ Kg8 22. Rxd7 bxc5 23. Re1 h6 24. a4 c4 25. a5 c3 26.
bxc3 c5 27. a6 c4 28. a7 f5 29. a8=Q+ Kh7 30. Qd5 f4 31. Qf5+ Kh8 32. Re8# 1-0

[Event "Int. Stuttgarter Stadtmeisterschaft C"]
[Site "Ditzingen"]
[Date "2012.05.18"]
[Round "3.16"]
[White "Steller, Kilian"]
[Black "Baumann, Sonja"]
[Result "1/2-1/2"]
[WhiteElo "782"]
[BlackElo "1064"]
[PlyCount "111"]
[EventDate "2012.??.??"]
[WhiteTeam "TSF Ditzingen"]
[BlackTeam "SV Stuttgart-Wolfbusch 1956 e.V."]

1. e4 e5 2. Nf3 Nc6 3. Bc4 Bc5 4. b4 Bxb4 5. c3 Bc5 6. d4 exd4 7. cxd4 Bb4+ 8.
Bd2 Bxd2+ 9. Qxd2 b6 10. Qf4 Qf6 11. Qxc7 Nxd4 12. e5 Nxf3+ 13. gxf3 Qxf3 14.
Rg1 g6 15. Rg3 Qe4+ 16. Re3 Qc6 17. Qxc6 dxc6 18. Rf3 Be6 19. Bd3 Ne7 20. Be4
O-O 21. Nc3 Rad8 22. Re3 Rd7 23. f3 Rfd8 24. Re2 Nd5 25. Nd1 c5 26. a3 b5 27.
Rc2 c4 28. Rb2 Rb8 29. Rab1 Rdb7 30. a4 b4 31. Rc1 f5 32. Bxd5 Bxd5 33. Ne3
Bxf3 34. Rxc4 Re8 35. Rc5 Rbe7 36. Kf2 Be4 37. Nc4 Bd3 38. Rxb4 Bxc4 39. Rbxc4
Rxe5 40. Rxe5 Rxe5 41. Rc8+ Kf7 42. Rc7+ Re7 43. Rc6 g5 44. Kf3 Re6 45. Rc7+
Re7 46. Rc6 h5 47. h3 g4+ 48. hxg4 hxg4+ 49. Kf4 Re4+ 50. Kxf5 Rxa4 51. Rc7+
Ke8 52. Ke6 Rd4 53. Rxa7 g3 54. Ra8+ Rd8 55. Ra7 Kf8 56. Rf7+ 1/2-1/2

[Event "Int. Stuttgarter Stadtmeisterschaft C"]
[Site "Ditzingen"]
[Date "2012.05.18"]
[Round "3.17"]
[White "Castiglione, David"]
[Black "Günther, Niclas"]
[Result "1-0"]
[WhiteElo "1063"]
[BlackElo "762"]
[PlyCount "129"]
[EventDate "2012.??.??"]
[WhiteTeam "SC Ingersheim e.V."]
[BlackTeam "SF Freiberg"]

1. d4 b6 2. c4 c5 3. Nf3 Bb7 4. d5 e6 5. e4 Nf6 6. Bd3 Bd6 7. Nc3 O-O 8. Nb5
Qe7 9. Nxd6 Qxd6 10. e5 Qe7 11. exf6 Qxf6 12. Bg5 Qxb2 13. Be4 Qc3+ 14. Nd2 Qd4
15. O-O exd5 16. cxd5 Bxd5 17. Bxd5 Qxd5 18. Nf3 Qxd1 19. Rfxd1 f6 20. Bf4 Nc6
21. Rxd7 Rfe8 22. Re1 Rxe1+ 23. Nxe1 Re8 24. Kf1 c4 25. Rc7 Re6 26. Nc2 Na5 27.
Rxa7 Nc6 28. Rb7 Nd8 29. Rb8 Re8 30. Bc7 Kf7 31. Rxd8 Re7 32. Bxb6 Re6 33. Be3
Ra6 34. Nb4 Ra4 35. Bc5 c3 36. Rd7+ Ke8 37. Ra7 c2 38. Nxc2 Rc4 39. Be3 Rxc2
40. a4 Ra2 41. a5 Ra1+ 42. Ke2 Ra2+ 43. Kf3 f5 44. a6 h6 45. Ra8+ Kd7 46. a7 g5
47. Rb8 g4+ 48. Kg3 h5 49. a8=Q Rxa8 50. Rxa8 Ke6 51. Kh4 Ke5 52. Kg5 f4 53.
Bxf4+ Ke4 54. Re8+ Kd3 55. Kf5 Kd4 56. Re5 Kc4 57. Ke4 Kb4 58. Kd4 Kb3 59. Rc5
Kb2 60. Rc3 Ka2 61. Kc4 Kb2 62. Kb4 Ka2 63. Rc2+ Kb1 64. Kb3 Ka1 65. Rc1# 1-0